[Event "Mistrzostwa Polski Seniorow w Szachach na 2024 rok"]
[Site "Szklarska Poreba"]
[Date "1899-12-30"]
[Round "1.1"]
[White "Krupa, Jerzy"]
[Black "Stempin, Pawel"]
[Result "0-1"]
[WhiteTitle "I++"]
[BlackTitle "IM"]
[WhiteElo "1878"]
[BlackElo "2315"]

1. b3 c5 2. Bb2 Nf6 3. e3 e6 4. h3 b6 5. Nf3 Bb7 6. Be2 a6 7. d4 d6 8. O-O Nbd7
9. c4 Be7 10. Nbd2 O-O 11. Re1 Qc7 12. Rc1 Rfe8 13. Qc2 Bf8 14. Bf1 Rac8 15. Qb1
Qb8 16. a4 g6 17. Qa1 Bg7 18. g3 Qa8 19. Bg2 Re7 20. Nh4 Bxg2 21. Nxg2 Qb7 22.
e4 e5 23. d5 Ne8 24. Qb1 Bh6 25. Rcd1 b5 26. Bc3 Rb8 27. axb5 axb5 28. Qc2 Nc7
29. f4 f6 30. Nf3 Ra8 31. Ra1 Ree8 32. fxe5 fxe5 33. Bd2 Bg7 34. Ne3 Nf6 35. g4
Ra6 36. Rxa6 Qxa6 37. b4 Nd7 38. bxc5 Nxc5 39. Bb4 Bf8 40. Bxc5 dxc5 41. cxb5
Nxb5 42. Nc4 Nd4 43. Nxd4 cxd4 44. Qb3 Kh8 45. Rf1 Bc5 46. Kg2 Rc8 47. Nxe5 Qe2+
48. Rf2 Qxe4+ 49. Nf3 Rd8 50. Qb7 Qxd5 51. Qxd5 Rxd5 52. Rd2 Kg7 53. Rd3 Kf6 54.
Nd2 Ke5 55. Kf3 Rd7 56. Ke2 Kd5 57. Rf3 Re7+ 58. Kd3 Bb6 59. Nc4 Ba7 60. Rf8 Rc7
61. Rd8+ Kc6 62. Ne5+ Kb5 63. Rd7 Rc3+ 64. Kd2 Bb6 65. Rxh7 Re3 66. Nxg6 Ba5+
67. Kd1 d3 68. Re7 Rxh3 69. Re5+ Ka4 70. Rxa5+ Kxa5 71. Nf4 Rf3 72. Nd5 Kb5 73.
Kd2 Kc5 74. Ne3 Kd4 75. Nf5+ Ke4 76. Nd6+ Ke5 77. Nb5 Ke4 78. g5 Rf2+ 79. Ke1
Rg2 80. Nc3+ Kd4 81. Nb5+ Ke3 82. Kf1 Rxg5 0-1

[Event "Mistrzostwa Polski Seniorow w Szachach na 2024 rok"]
[Site "Szklarska Poreba"]
[Date "1899-12-30"]
[Round "1.2"]
[White "Czerwonski, Aleksander"]
[Black "Ciechanski, Jacenty"]
[Result "1-0"]
[WhiteTitle "IM"]
[BlackTitle "CM"]
[WhiteElo "2299"]
[BlackElo "1873"]

1. d4 Nf6 2. c4 g6 3. Nc3 Bg7 4. e4 d6 5. f3 O-O 6. Be3 a6 7. Qd2 Nc6 8. Nge2 e5
9. d5 Na5 10. Nc1 c5 11. a3 b6 12. b4 Nb7 13. Bd3 Bd7 14. O-O Qe8 15. Rb1 Rb8
16. g4 h5 17. h3 Qc8 18. Rf2 Kh7 19. Qe1 Rh8 20. Rfb2 Qc7 21. Qg3 Be8 22. Qf2
hxg4 23. fxg4 Kg8 24. Bf1 Nd7 25. Na4 Nf6 26. Nc3 Nd7 27. Qd2 Qd8 28. Nd3 cxb4
29. Nxb4 Na5 30. Nc6 Nxc6 31. dxc6 Nf6 32. Bxb6 Qc8 33. c7 1-0

[Event "Mistrzostwa Polski Seniorow w Szachach na 2024 rok"]
[Site "Szklarska Poreba"]
[Date "1899-12-30"]
[Round "1.3"]
[White "Aleksandrowicz, Marek"]
[Black "Rogowski, Jaroslaw"]
[Result "0-1"]
[WhiteTitle "I++"]
[BlackTitle "k"]
[WhiteElo "1872"]
[BlackElo "2223"]

1. e4 c5 2. Nf3 e6 3. g3 b6 4. Bg2 Bb7 5. Nc3 Nf6 6. e5 Nd5 7. O-O Nxc3 8. bxc3
d5 9. d4 Nc6 10. h4 Qc7 11. h5 cxd4 12. cxd4 Ba6 13. Re1 Nb4 14. c4 Bxc4 15. Bd2
a5 16. a3 Nc6 17. h6 g6 18. Bg5 Be7 19. Qd2 Bxg5 20. Nxg5 b5 21. Rec1 a4 22. Qf4
Qe7 23. Rc3 O-O 24. Nf3 Rfb8 25. Nh2 Na5 26. Ng4 Nb3 27. Re1 Ra7 28. Nf6+ Kh8
29. Rxc4 bxc4 30. Bxd5 c3 31. Be4 Nxd4 0-1

[Event "Mistrzostwa Polski Seniorow w Szachach na 2024 rok"]
[Site "Szklarska Poreba"]
[Date "1899-12-30"]
[Round "1.4"]
[White "Stempin, Andrzej"]
[Black "Stepien, Janusz"]
[Result "1/2-1/2"]
[WhiteTitle "k"]
[BlackTitle "k"]
[WhiteElo "2182"]
[BlackElo "1852"]

1. e4 c5 2. Ne2 d6 3. g3 Nf6 4. Bg2 g6 5. c4 Nc6 6. d4 cxd4 7. Nxd4 Nxd4 8. Qxd4
Bg7 9. O-O O-O 10. Qd3 Be6 11. Na3 Nd7 12. Qe2 Rc8 13. Bf4 Qb6 14. Rab1 Qb4 15.
Rfc1 a6 16. Qd2 Qxd2 17. Bxd2 Rc7 18. b3 f5 19. Re1 Nc5 20. Ba5 Rd7 21. Rbd1 Nxe4
22. f3 b6 23. Bxb6 Rb8 24. Bd4 Nc5 25. Bxg7 Kxg7 26. Nc2 Bf7 27. f4 Rc7 28. Nd4
Be8 29. Re3 Kf8 30. Rde1 a5 31. Bd5 a4 32. Rb1 axb3 33. axb3 Ra7 34. b4 e5 35.
fxe5 dxe5 36. Rxe5 Nd3 37. Re3 Rxb4 38. Rxb4 Nxb4 39. Ne6+ Kf7 40. Nd8+ Kf8 41.
Ne6+ Kf7 42. Rc3 Kf6 43. Nf4 g5 44. Ne2 Nxd5 45. cxd5 Bf7 46. Rd3 Rd7 47. h4 Rxd5
48. hxg5+ Kxg5 49. Rxd5 Bxd5 50. Kf2 Kg4 51. Nf4 Bf7 52. Nd3 Bd5 53. Ne5+ Kg5
54. Ke3 h5 55. Kf2 Kf6 56. Nd3 Bc4 57. Nf4 Kg5 58. Ng2 Bd5 59. Ne3 Be4 60. Kg1
Kf6 61. Kf2 Ke5 62. Nf1 Kd4 63. Ne3 Kd3 64. Nf1 Kd4 1/2-1/2

[Event "Mistrzostwa Polski Seniorow w Szachach na 2024 rok"]
[Site "Szklarska Poreba"]
[Date "1899-12-30"]
[Round "1.5"]
[White "Sosnowska, Elzbieta"]
[Black "Shilov, Sergej"]
[Result "0-1"]
[WhiteTitle "WFM"]
[BlackTitle "FM"]
[WhiteElo "1848"]
[BlackElo "2144"]

1. e4 g6 2. d4 Bg7 3. Nc3 d6 4. f4 Nf6 5. Nf3 O-O 6. e5 dxe5 7. dxe5 Qxd1+ 8. Kxd1
Ng4 9. Ke1 Nc6 10. h3 Nh6 11. g4 Nb4 12. Bd3 Rd8 13. Ke2 Nxd3 14. cxd3 f6 15.
Be3 b6 16. Rhd1 fxe5 17. fxe5 c5 18. d4 Ba6+ 19. Kf2 cxd4 20. Rxd4 Rxd4 21. Bxd4
Bb7 22. Ng5 Nf7 23. Nxf7 Rf8 24. Ke3 Rxf7 25. Ne4 Bh6+ 26. g5 Bxe4 27. gxh6 Bd5
28. Rc1 Rf3+ 29. Ke2 Rxh3 30. Rc7 Kf7 31. Rxa7 g5 32. Bxb6 Rxh6 33. Bc5 Re6 34.
Bd4 h5 35. Ra5 Bb7 36. Be3 Kg6 37. Kd3 h4 38. Kd4 g4 39. Rb5 Bg2 40. Rb8 g3 41.
Bf4 Kf5 42. Rf8+ Kg4 43. Ke3 Rg6 44. Rf7 h3 45. Rxe7 h2 46. Rh7 h1=Q 47. Rxh1
Bxh1 48. a4 Rb6 49. Bxg3 Kxg3 50. Kd4 Rxb2 51. Kc5 Kf4 52. e6 Kf5 53. e7 Re2 54.
Kd6 Re6+ 55. Kd7 Bc6+ 0-1

[Event "Mistrzostwa Polski Seniorow w Szachach na 2024 rok"]
[Site "Szklarska Poreba"]
[Date "1899-12-30"]
[Round "1.6"]
[White "Kujawski, Adam"]
[Black "Krzyzanowska-zadlo, Lidia"]
[Result "1-0"]
[WhiteTitle "FM"]
[BlackTitle "k"]
[WhiteElo "2111"]
[BlackElo "1819"]

1. e4 c5 2. Nf3 a6 3. c4 Nc6 4. d4 cxd4 5. Nxd4 Nf6 6. Nc3 d6 7. Be2 g6 8. Be3
Bg7 9. Qd2 O-O 10. O-O Bd7 11. Rac1 Nxd4 12. Bxd4 Bc6 13. f3 Nd7 14. Bxg7 Kxg7
15. f4 Rc8 16. h4 Qb6+ 17. Kh2 Nf6 18. Bf3 h5 19. b3 Rfd8 20. Rfe1 Qa5 21. Qb2
Kg8 22. Nd5 Bxd5 23. exd5 Rd7 24. f5 gxf5 25. Qc2 Ng4+ 26. Bxg4 fxg4 27. Qf5 Rcc7
28. Qg5+ Kf8 29. Qxh5 f6 30. Qh6+ Kf7 31. Re4 1-0

[Event "Mistrzostwa Polski Seniorow w Szachach na 2024 rok"]
[Site "Szklarska Poreba"]
[Date "1899-12-30"]
[Round "1.7"]
[White "Gregulski, Zbigniew"]
[Black "Szopka, Dariusz"]
[Result "1/2-1/2"]
[WhiteTitle "I"]
[BlackTitle "k++"]
[WhiteElo "1807"]
[BlackElo "2073"]

1. d4 f5 2. c4 Nf6 3. Nc3 g6 4. g3 Bg7 5. Bg2 e6 6. e4 Nxe4 7. Nxe4 fxe4 8. Bxe4
O-O 9. f4 d5 10. cxd5 exd5 11. Bf3 Nc6 12. Ne2 Bh3 13. Kf2 Kh8 14. b3 Re8 15.
Bb2 Qe7 16. Qd2 Bf5 17. Rhe1 Nb4 18. Ba3 Nd3+ 19. Qxd3 Qxa3 20. Qd2 c5 21. Rac1
cxd4 22. Nxd4 Rxe1 23. Kxe1 Re8+ 24. Kf2 Be4 25. Rc7 Qa6 26. b4 Qb6 27. Rc5 Qf6
28. Ne2 h5 29. h4 Qe6 30. Rc1 Qh3 31. Rh1 Qe6 32. Rc1 Bxf3 33. Kxf3 Qe4+ 34. Kf2
d4 35. Ng1 d3 36. Rd1 Rc8 37. Qxd3 Qxb4 38. Nf3 Qc5+ 39. Kf1 Qb6 40. Ng5 Rf8 41.
Qd6 Qxd6 42. Rxd6 Bf6 43. Rd7 Bxg5 44. hxg5 Rb8 45. Kf2 a5 46. a4 b5 47. axb5
Rxb5 48. Ra7 Kg8 49. Kf3 1/2-1/2

[Event "Mistrzostwa Polski Seniorow w Szachach na 2024 rok"]
[Site "Szklarska Poreba"]
[Date "1899-12-30"]
[Round "1.8"]
[White "Czajkowski, Ryszard"]
[Black "Stadnicki, Andrzej"]
[Result "1/2-1/2"]
[WhiteTitle "k"]
[BlackTitle "II+"]
[WhiteElo "2031"]
[BlackElo "1795"]

1. d4 d5 2. c4 e6 3. Nc3 a6 4. cxd5 exd5 5. Nf3 c6 6. Bf4 Bd6 7. Bxd6 Qxd6 8. e3
Bf5 9. Nh4 Be6 10. Bd3 Ne7 11. Qc2 Nd7 12. O-O g6 13. e4 dxe4 14. Nxe4 Qc7 15.
Ng5 Bd5 16. Rfe1 Qf4 17. Ngf3 Qf6 18. Qe2 Be6 19. g3 O-O 20. Ne5 Rad8 21. b3 Nb6
22. Nhf3 Nf5 23. Bxf5 Qxf5 24. Qe3 Bd5 25. Nh4 Qf6 26. f4 Rfe8 27. Ng4 Qe6 28.
Nh6+ Kg7 29. Qd2 Qd7 30. f5 f6 31. fxg6 hxg6 32. Qd3 Bf7 33. Nxf7 Qxf7 34. Rxe8
Rxe8 35. Rf1 Nd5 36. Qf3 Qe6 37. Ng2 Qe4 38. Qf2 Qd3 39. Re1 Rxe1+ 40. Nxe1 Qe4
41. Nf3 Ne3 42. h3 Nd1 43. Qf1 Ne3 44. Qe2 Qb1+ 45. Kf2 Nd5 1/2-1/2

[Event "Mistrzostwa Polski Seniorow w Szachach na 2024 rok"]
[Site "Szklarska Poreba"]
[Date "1899-12-30"]
[Round "1.9"]
[White "Sadzynski, Slawomir"]
[Black "Palosz, Andrzej"]
[Result "0-1"]
[WhiteTitle "II"]
[BlackTitle "k"]
[WhiteElo "1770"]
[BlackElo "2019"]

1. c4 Nf6 2. g3 g6 3. Nc3 d5 4. cxd5 Nxd5 5. Bg2 Nxc3 6. bxc3 Bg7 7. Nf3 O-O 8.
O-O c5 9. Qb3 Qc7 10. d3 Nc6 11. Rb1 b6 12. c4 Bb7 13. Bb2 e5 14. Nd2 Nd4 15.
Bxd4 Bxg2 16. Bxe5 Qxe5 17. Kxg2 Qxe2 18. Rbd1 Rfd8 19. Ne4 Qg4 20. Nc3 Bxc3 21.
Qxc3 Rd4 22. Rfe1 Rad8 23. Rd2 h5 24. h3 Qg5 25. Rde2 h4 26. Re8+ Rxe8 27. Rxe8+
Kh7 28. Re4 hxg3 29. fxg3 Rxe4 30. dxe4 Qd8 31. Kf3 Qd1+ 32. Ke3 Qg1+ 33. Kf4
Qf1+ 34. Kg4 f5+ 35. Kg5 Qxh3 36. Qe5 Qh6+ 37. Kf6 Qg7+ 38. Ke6 Qxe5+ 39. Kxe5
fxe4 40. Kxe4 Kh6 41. a4 Kg5 42. Kd5 Kg4 43. a5 bxa5 44. Kxc5 Kxg3 45. Kd6 a4
46. c5 a3 47. c6 a2 48. c7 a1=Q 49. c8=Q Qf6+ 0-1

[Event "Mistrzostwa Polski Seniorow w Szachach na 2024 rok"]
[Site "Szklarska Poreba"]
[Date "1899-12-30"]
[Round "1.10"]
[White "Betkowski, Andrzej"]
[Black "Litwin, Tomasz"]
[Result "1-0"]
[WhiteTitle "k"]
[BlackTitle "I"]
[WhiteElo "2011"]
[BlackElo "1768"]

1. d4 g6 2. e4 Bg7 3. Nc3 d6 4. Be3 a6 5. g4 e6 6. Bg2 Nd7 7. Nge2 Ne7 8. h4 h6
9. Qd2 c6 10. f4 Qc7 11. e5 d5 12. h5 b5 13. hxg6 fxg6 14. f5 exf5 15. Bxh6 Bxh6
16. Rxh6 Rxh6 17. Qxh6 Nf8 18. gxf5 Bxf5 19. O-O-O O-O-O 20. Ng3 Kb7 21. Rf1 Qc8
22. Qg5 Re8 23. Nxf5 gxf5 24. Ne2 Ne6 25. Qf6 Qd7 26. Bh3 Rf8 27. Qh6 Rf7 28.
Nf4 Nxf4 29. Rxf4 Qe8 30. Qe6 Qf8 31. a4 Kb6 32. Qd6 Rh7 33. Rf3 Rh6 34. a5+ Kb7
35. Rxf5 Qg7 36. Qd7+ Kb8 37. Qd8+ Kb7 38. Rf8 Qg1+ 39. Bf1 Qe3+ 40. Kb1 1-0

[Event "Mistrzostwa Polski Seniorow w Szachach na 2024 rok"]
[Site "Szklarska Poreba"]
[Date "1899-12-30"]
[Round "1.11"]
[White "Rajtar, Jaroslaw"]
[Black "Fraczek, Dariusz"]
[Result "0-1"]
[WhiteTitle "I"]
[BlackTitle "k"]
[WhiteElo "1764"]
[BlackElo "2011"]

1. d4 Nf6 2. Nf3 g6 3. b3 Bg7 4. Bb2 O-O 5. e3 d6 6. Be2 Nbd7 7. O-O e5 8. dxe5
Ng4 9. Nbd2 Ngxe5 10. Rb1 Qe7 11. h3 Nc5 12. Nxe5 dxe5 13. b4 Na4 14. Ba1 e4 15.
Bxg7 Kxg7 16. Rb3 Rd8 17. Qa1+ f6 18. Rd1 Be6 19. c4 Bf7 20. Qb1 f5 21. Qc2 Qf6
22. Ra3 Qb2 23. Qxa4 Rxd2 24. Rxd2 Qxd2 25. Qd1 Qxd1+ 26. Bxd1 Bxc4 27. Rc3 Rd8
28. Bb3 Bxb3 29. Rxc7+ Bf7 30. Rxb7 a6 31. Rb6 Bxa2 32. Rxa6 Bc4 33. Ra7+ Kg8
34. Rc7 Bd3 35. Rc3 Rb8 36. Rb3 Kf7 37. Kh2 Ke6 38. Kg3 Ke5 39. h4 h6 40. f4+
Kf6 41. h5 g5 42. Rc3 gxf4+ 43. Kxf4 Rxb4 44. Rc6+ Kg7 45. Rc7+ Kf8 46. Rc6 Rb2
47. Kxf5 Rxg2 48. Rxh6 Kg7 49. Rb6 Rg3 50. Kf4 Rg1 51. Kf5 Rb1 52. Rc6 Rb5+ 53.
Kg4 Be2+ 54. Kf4 Bf3 55. Rd6 Rxh5 56. Rb6 Rh6 57. Rb7+ Kg6 58. Rb6+ Kh5 59. Rb2
Rf6+ 60. Ke5 Rf8 61. Rb6 Kg5 62. Rb7 Re8+ 63. Kd6 Kf6 64. Kd7 Re7+ 0-1

[Event "Mistrzostwa Polski Seniorow w Szachach na 2024 rok"]
[Site "Szklarska Poreba"]
[Date "1899-12-30"]
[Round "2.1"]
[White "Stempin, Pawel"]
[Black "Osiecki, Stanislaw"]
[Result "1/2-1/2"]
[WhiteTitle "IM"]
[BlackTitle "FM"]
[WhiteElo "2315"]
[BlackElo "1959"]

1. d4 Nf6 2. Nf3 d6 3. Nbd2 g6 4. e4 Bg7 5. Bd3 O-O 6. O-O Nbd7 7. c3 e5 8. Re1
Re8 9. a4 a5 10. b3 c5 11. d5 Nh5 12. Nc4 Nb6 13. Na3 Nf4 14. Bb5 Rf8 15. Ra2
g5 16. Bf1 g4 17. Nd2 Kh8 18. g3 Ng6 19. Bg2 h5 20. Nf1 Kh7 21. Ne3 Ne7 22. f3
Bh6 23. Rf1 Bxe3+ 24. Bxe3 f5 25. f4 exf4 26. Bxf4 Ng6 27. Nb5 Nxf4 28. Rxf4 Qf6
29. Raf2 Bd7 30. exf5 Bxb5 31. axb5 Nd7 32. Qc2 Rae8 33. Re4 Re5 34. Rxe5 Nxe5
35. c4 b6 36. Qd2 Ra8 37. Qc2 Kg7 38. Be4 Ra7 39. Kg2 Ra8 40. Re2 Rh8 41. Qc3
Ra8 42. Bc2 Rh8 43. Rf2 1/2-1/2

[Event "Mistrzostwa Polski Seniorow w Szachach na 2024 rok"]
[Site "Szklarska Poreba"]
[Date "1899-12-30"]
[Round "2.2"]
[White "Leszner, Liliana"]
[Black "Czerwonski, Aleksander"]
[Result "1-0"]
[WhiteTitle "WIM"]
[BlackTitle "IM"]
[WhiteElo "1944"]
[BlackElo "2299"]

1. g3 g6 2. Bg2 Bg7 3. d4 Nf6 4. e4 d6 5. Ne2 O-O 6. O-O e5 7. c3 Nc6 8. h3 Re8
9. Qc2 a5 10. d5 Nb8 11. Be3 c6 12. c4 Na6 13. dxc6 bxc6 14. Rd1 Qc7 15. Nbc3
Nc5 16. Bxc5 dxc5 17. Na4 Bf8 18. Qc3 Nh5 19. Nc1 Ng7 20. Nd3 Ne6 21. Qxe5 Qa7
22. Qc3 Bg7 23. e5 Nd4 24. Kh2 Bf5 25. Naxc5 Rad8 26. Be4 Rxe5 27. Nxe5 Bxe5 28.
Bxf5 Qxc5 29. Be4 Rb8 30. Rab1 Ne6 31. Qc2 Rb4 32. b3 a4 33. Bg2 Nd4 34. Qe4 axb3
35. axb3 Nxb3 36. Qxc6 1-0

[Event "Mistrzostwa Polski Seniorow w Szachach na 2024 rok"]
[Site "Szklarska Poreba"]
[Date "1899-12-30"]
[Round "2.3"]
[White "Rogowski, Jaroslaw"]
[Black "Kot, Jerzy"]
[Result "0-1"]
[WhiteTitle "k"]
[BlackTitle "FM"]
[WhiteElo "2223"]
[BlackElo "1955"]

1. d4 Nf6 2. c4 c5 3. d5 e6 4. Nc3 exd5 5. cxd5 d6 6. e4 g6 7. Bb5+ Bd7 8. a4 Bg7
9. Bf4 a6 10. Bd3 O-O 11. Nf3 Bg4 12. h3 Bxf3 13. Qxf3 Re8 14. O-O Nbd7 15. Qd1
c4 16. Bc2 Nc5 17. Re1 b6 18. Qd2 Qd7 19. f3 b5 20. axb5 axb5 21. Na2 Nh5 22.
Be3 Bxb2 23. Bd4 Bxd4+ 24. Qxd4 Nf4 25. Kh2 Nfd3 26. Reb1 f5 27. Nc3 fxe4 28.
Rxa8 Rxa8 29. Rxb5 exf3 30. Bxd3 cxd3 31. gxf3 Rf8 32. f4 Qf5 33. Kg3 g5 34. Rb1
Qxf4+ 35. Qxf4 Rxf4 36. Re1 Kg7 37. Nb5 Ne4+ 38. Kg2 Kf6 39. Rd1 d2 40. Nd4 Rf2+
41. Kg1 Ke5 42. Ne6 Re2 43. Ra1 0-1

[Event "Mistrzostwa Polski Seniorow w Szachach na 2024 rok"]
[Site "Szklarska Poreba"]
[Date "1899-12-30"]
[Round "2.4"]
[White "Shilov, Sergej"]
[Black "Suchocki, Tomasz"]
[Result "1-0"]
[WhiteTitle "FM"]
[BlackTitle "I+"]
[WhiteElo "2144"]
[BlackElo "1948"]

1. e4 c5 2. Nc3 Nc6 3. Bb5 Nd4 4. Bc4 e6 5. d3 Ne7 6. a3 a6 7. Nf3 Nec6 8. O-O
Be7 9. Nxd4 cxd4 10. Ne2 O-O 11. Bb3 d6 12. f4 Kh8 13. f5 Bf6 14. Ng3 Ne5 15.
Kh1 Bd7 16. Bf4 Qe7 17. c3 dxc3 18. bxc3 Rac8 19. Rc1 b5 20. d4 Nc4 21. Bxc4 Rxc4
22. e5 dxe5 23. dxe5 Rxf4 24. Rxf4 Bg5 25. f6 gxf6 26. exf6 Qxa3 27. Ra1 Qxa1
28. Qxa1 Bxf4 29. Nh5 Bh6 30. Qxa6 Rg8 31. Qd6 Be8 32. h4 Bf8 33. Qc7 Bh6 34.
Kh2 Bf8 35. Kh3 h6 36. g4 Kh7 37. Qc8 1-0

[Event "Mistrzostwa Polski Seniorow w Szachach na 2024 rok"]
[Site "Szklarska Poreba"]
[Date "1899-12-30"]
[Round "2.5"]
[White "Siewert, Roman"]
[Black "Kujawski, Adam"]
[Result "1-0"]
[WhiteTitle "I++"]
[BlackTitle "FM"]
[WhiteElo "1911"]
[BlackElo "2111"]

1. e4 g6 2. d4 Bg7 3. Nf3 d6 4. Bc4 e6 5. O-O Ne7 6. Bb3 b6 7. c3 h6 8. Re1 Nd7
9. Be3 Bb7 10. Nbd2 a6 11. h3 Nf6 12. Bc2 Qd7 13. Rc1 Nh7 14. Qe2 O-O 15. Nf1
f5 16. e5 Rae8 17. Bd2 Nc6 18. Rcd1 Nd8 19. Bc1 b5 20. N1h2 Kh8 21. Bb3 g5 22.
Bc2 Qf7 23. a4 Qh5 24. axb5 axb5 25. Qxb5 g4 26. hxg4 fxg4 27. Qd3 Rf5 28. Nd2
Ref8 29. Ndf1 Qh4 30. Ng3 Bxe5 31. dxe5 Bxg2 32. Nxf5 Rxf5 33. Qg3 1-0

[Event "Mistrzostwa Polski Seniorow w Szachach na 2024 rok"]
[Site "Szklarska Poreba"]
[Date "1899-12-30"]
[Round "2.6"]
[White "Palosz, Andrzej"]
[Black "Barwinski, Dionizy"]
[Result "1-0"]
[WhiteTitle "k"]
[BlackTitle "FM"]
[WhiteElo "2019"]
[BlackElo "1938"]

1. e4 c6 2. d4 d5 3. e5 Bf5 4. Ne2 e6 5. Ng3 Bg6 6. h4 h6 7. h5 Bh7 8. Bd3 Bxd3
9. cxd3 Nd7 10. Be3 Qb6 11. Nd2 c5 12. Nb3 cxd4 13. Bxd4 Qb4+ 14. Bc3 Qa4 15.
O-O Ne7 16. Qf3 Nc6 17. d4 Be7 18. Qe2 Qc4 19. Qe3 O-O 20. f4 a5 21. Nd2 Qa4 22.
Nf3 f5 23. exf6 Rxf6 24. Nh2 Nf8 25. Ng4 Rf7 26. Rf3 Bh4 27. Ne2 Qc2 28. Rh3 Bd8
29. Nf2 b5 30. Nd3 b4 31. Be1 Bb6 32. Rc1 Qa4 33. b3 Qb5 34. Nc5 Bxc5 35. Rxc5
Qb6 36. Bf2 Ne7 37. g4 Nd7 38. Rc2 Nf6 39. Qf3 Ne4 40. Be3 Qb5 41. Bc1 Ra6 42.
Ng3 Rc6 43. Rhh2 Nxg3 44. Qxg3 Qb6 45. Qd3 Rf8 46. Rxc6 Nxc6 47. Be3 Ne7 48. Rc2
Qb7 49. Rc5 Rc8 50. Rxa5 Rc3 51. Qe2 Nc8 52. Bd2 Qb6 53. Bxc3 Qxa5 54. Qxe6+ 1-0

[Event "Mistrzostwa Polski Seniorow w Szachach na 2024 rok"]
[Site "Szklarska Poreba"]
[Date "1899-12-30"]
[Round "2.7"]
[White "Poniewierski, Piotr"]
[Black "Betkowski, Andrzej"]
[Result "0-1"]
[WhiteTitle "I++"]
[BlackTitle "k"]
[WhiteElo "1895"]
[BlackElo "2011"]

1. Nf3 g6 2. g3 Bg7 3. d4 c5 4. c4 cxd4 5. Nxd4 Nc6 6. Nc2 d6 7. Bg2 Be6 8. Ne3
Qd7 9. Nc3 Bh3 10. Bxh3 Qxh3 11. Ncd5 Qd7 12. Rb1 h5 13. h4 Nh6 14. b4 O-O 15.
Bb2 b6 16. Bxg7 Kxg7 17. Qd2 Rac8 18. Qb2+ f6 19. Rd1 Ne5 20. Qb3 Rfe8 21. O-O
Nhg4 22. Rc1 Nxe3 23. Nxe3 Qh3 24. Rfd1 g5 25. Rd4 Ng4 26. Nf5+ Kg6 27. Rxg4 Qxg4
28. Ne3 Qe4 29. f3 Qe5 30. Qd3+ f5 31. Kf2 gxh4 32. Rg1 Kf6 33. Nd5+ Kf7 34. gxh4
Rg8 35. f4 Qe4 36. Rg5 Rxg5 37. hxg5 Rxc4 38. Qd2 Rd4 39. g6+ Kxg6 40. Nxe7+ Kf7
41. Nxf5 Rxd2 0-1

[Event "Mistrzostwa Polski Seniorow w Szachach na 2024 rok"]
[Site "Szklarska Poreba"]
[Date "1899-12-30"]
[Round "2.8"]
[White "Fraczek, Dariusz"]
[Black "Rak, Tomasz"]
[Result "1-0"]
[WhiteTitle "k"]
[BlackTitle "k"]
[WhiteElo "2011"]
[BlackElo "1908"]

1. e4 c5 2. Nf3 Nc6 3. Bb5 Nd4 4. Nxd4 cxd4 5. c3 e5 6. cxd4 exd4 7. O-O Bc5 8.
d3 Ne7 9. Qh5 Bb6 10. f4 O-O 11. f5 g6 12. Qh6 f6 13. Bc4+ Kh8 14. fxg6 Nxg6 15.
Rf5 Qe7 16. Rh5 Qg7 17. Qxg7+ Kxg7 18. Bh6+ Kh8 19. Bxf8 Nxf8 20. Nd2 Bc7 21.
Rf1 Kg7 22. Rhf5 Ng6 23. Rxf6 Ne5 24. Rf8 Ba5 25. Rg8+ Kh6 26. Rf6+ Ng6 27. Nf3
b5 28. Bd5 Rb8 29. Ne5 Bd2 30. Rfxg6+ hxg6 31. Rxg6+ Kh5 32. g4+ 1-0

[Event "Mistrzostwa Polski Seniorow w Szachach na 2024 rok"]
[Site "Szklarska Poreba"]
[Date "1899-12-30"]
[Round "2.9"]
[White "Kruczynski, Marek"]
[Black "Czaja, Roman"]
[Result "0-1"]
[WhiteTitle "I+"]
[BlackTitle "I+"]
[WhiteElo "1891"]
[BlackElo "2010"]

1. e4 c6 2. d4 d5 3. e5 Bf5 4. h4 h5 5. Bg5 Qb6 6. Bd3 Bxd3 7. Qxd3 e6 8. Nd2 c5
9. Ngf3 Nc6 10. a3 c4 11. Qc3 f6 12. Bf4 Nge7 13. O-O-O Nf5 14. Nxc4 dxc4 15.
Qxc4 Nce7 16. Rhe1 Rc8 17. Qd3 Kf7 18. Kb1 Qc6 19. exf6 gxf6 20. Re5 Ng6 21. Rxf5
exf5 22. Qxf5 Kg7 23. d5 Qxc2+ 24. Qxc2 Rxc2 25. Bg3 Rc8 26. d6 Rd8 27. Nd4 Kf7
28. Nb5 a6 29. Nc3 f5 30. Ne2 Bg7 31. Nf4 Nxf4 32. Bxf4 Rhe8 33. Rd5 Re1+ 34.
Kc2 Ke6 35. Rd3 Re4 36. g3 Bf6 37. b3 Re2+ 38. Kd1 Rxf2 39. Ke1 Ra2 0-1

[Event "Mistrzostwa Polski Seniorow w Szachach na 2024 rok"]
[Site "Szklarska Poreba"]
[Date "1899-12-30"]
[Round "2.10"]
[White "Szczesniak, Konrad"]
[Black "Hilarecki, Grzegorz"]
[Result "1/2-1/2"]
[WhiteTitle "k"]
[BlackTitle "k"]
[WhiteElo "2007"]
[BlackElo "1896"]

1. d4 g6 2. c4 Bg7 3. Nc3 d6 4. Nf3 e5 5. dxe5 dxe5 6. Qxd8+ Kxd8 7. Bg5+ f6 8.
O-O-O Ke8 9. Nb5 Na6 10. Be3 Be6 11. b3 Bf8 12. g3 c6 13. Nd6+ Bxd6 14. Rxd6 Ke7
15. Rd2 h5 16. Nh4 Kf7 17. f4 Nh6 18. h3 Nf5 19. Nxf5 gxf5 20. fxe5 fxe5 21. Bg5
Nc5 22. Bg2 a5 23. Rf1 Rhe8 24. h4 a4 25. b4 Na6 26. a3 Nc7 27. Rd6 Rg8 28. e4
Rxg5 29. hxg5 Ke7 30. Rfd1 f4 31. gxf4 exf4 32. Bf3 Rg8 33. Bxh5 Rxg5 34. Be2
Rg2 35. R6d2 Kf6 36. Bd3 Rg3 37. Rh2 Bg4 38. Rdd2 Ne6 39. Rhg2 Ke5 40. Bc2 Bf3
41. Rh2 Nd4 42. Rh8 Bg4 43. Re8+ Ne6 44. Rg8 Bh3 45. Rxg3 fxg3 46. Bxa4 g2 47.
Rd1 Nd4 48. Kd2 g1=Q 49. Rxg1 Nf3+ 50. Ke3 Nxg1 51. Kf2 Kxe4 52. Kxg1 Kd4 53.
c5 Kc3 54. b5 Bd7 55. bxc6 Bxc6 56. Bd1 Kb2 57. Kf2 Kxa3 58. Ke3 Kb4 59. Kd4 Bh1
1/2-1/2

[Event "Mistrzostwa Polski Seniorow w Szachach na 2024 rok"]
[Site "Szklarska Poreba"]
[Date "1899-12-30"]
[Round "2.11"]
[White "Kowalczuk, Wojciech"]
[Black "Czyz, Andrzej"]
[Result "1-0"]
[WhiteTitle "k"]
[BlackTitle "I++"]
[WhiteElo "1990"]
[BlackElo "1894"]

1. e4 e5 2. Nf3 Nc6 3. d4 exd4 4. Nxd4 Bc5 5. c3 Qf6 6. Be3 Nge7 7. Bc4 Ne5 8.
Be2 d6 9. Nd2 Qg6 10. g3 Bh3 11. f4 Ng4 12. f5 Qh5 13. Bf3 Nc6 14. Qe2 O-O-O 15.
Nxc6 Bxe3 16. Nxd8 Rxd8 17. Qxe3 Nxe3 18. Bxh5 Nc2+ 19. Kf2 Nxa1 20. Rxa1 g6 21.
fxg6 hxg6 22. Bf3 Be6 23. Nb3 c5 24. Nd2 Kc7 25. c4 a6 26. a4 Kb6 27. a5+ Kc7
28. b3 Rh8 29. h4 Rf8 30. g4 b6 31. axb6+ Kxb6 32. Ke3 a5 33. Kf4 f6 34. g5 f5
35. e5 dxe5+ 36. Kxe5 Bc8 37. h5 gxh5 38. Bxh5 f4 39. Bg6 f3 40. Be4 f2 41. g6
Bh3 42. g7 1-0

[Event "Mistrzostwa Polski Seniorow w Szachach na 2024 rok"]
[Site "Szklarska Poreba"]
[Date "1899-12-30"]
[Round "3.1"]
[White "Kowalczuk, Wojciech"]
[Black "Shilov, Sergej"]
[Result "1-0"]
[WhiteTitle "k"]
[BlackTitle "FM"]
[WhiteElo "1990"]
[BlackElo "2144"]

1. e4 c5 2. Nf3 Nc6 3. d4 cxd4 4. Nxd4 Nf6 5. Nc3 e5 6. Ndb5 d6 7. Bg5 a6 8. Na3
b5 9. Nd5 Be7 10. Bxf6 Bxf6 11. c3 O-O 12. Nc2 Bg5 13. a4 Rb8 14. axb5 axb5 15.
Be2 Be6 16. Ra6 Qc8 17. Ndb4 Nxb4 18. Nxb4 Qb7 19. O-O Qxe4 20. Bf3 Qg6 21. Nc6
e4 22. Bh5 Qh6 23. Nxb8 Rxb8 24. Bg4 Bf4 25. g3 Be5 26. Bxe6 Qxe6 27. Re1 f5 28.
f4 exf3 29. Qxf3 Re8 30. Kg2 Qb3 31. Rxd6 Bxd6 32. Rxe8+ Kf7 33. Re2 g6 34. Qb7+
Kg8 35. Qc8+ Bf8 36. Qe6+ Qxe6 37. Rxe6 b4 38. cxb4 Bxb4 39. Rb6 Bd2 40. Rb7 h5
41. b4 Kf8 42. Kf3 Ke8 43. b5 Kd8 44. Rg7 g5 45. Rf7 f4 46. gxf4 gxf4 47. Rxf4
Kc7 48. Rh4 1-0

[Event "Mistrzostwa Polski Seniorow w Szachach na 2024 rok"]
[Site "Szklarska Poreba"]
[Date "1899-12-30"]
[Round "3.2"]
[White "Sokolowski, Ryszard"]
[Black "Palosz, Andrzej"]
[Result "1/2-1/2"]
[WhiteTitle "k"]
[BlackTitle "k"]
[WhiteElo "1965"]
[BlackElo "2019"]

1. d4 d5 2. c4 c6 3. Nc3 Nf6 4. e3 g6 5. Nf3 Bg7 6. Be2 O-O 7. O-O dxc4 8. Bxc4
c5 9. h3 cxd4 10. exd4 Nc6 11. a3 Ne8 1/2-1/2

[Event "Mistrzostwa Polski Seniorow w Szachach na 2024 rok"]
[Site "Szklarska Poreba"]
[Date "1899-12-30"]
[Round "3.3"]
[White "Betkowski, Andrzej"]
[Black "Plesiuk, Andrzej"]
[Result "1-0"]
[WhiteTitle "k"]
[BlackTitle "k"]
[WhiteElo "2011"]
[BlackElo "1978"]

1. d4 d5 2. Bf4 Nf6 3. e3 e6 4. Nd2 c5 5. c3 Bd6 6. Bg3 Nc6 7. Ngf3 O-O 8. Bd3
b6 9. Qe2 Bb7 10. Rd1 Qc7 11. e4 Bxg3 12. hxg3 h6 13. e5 Nd7 14. g4 cxd4 15. cxd4
Nb4 16. g5 Nxd3+ 17. Qxd3 Rac8 18. gxh6 g6 19. Nb3 Qc4 20. Ng5 Ba6 21. Qxc4 Bxc4
22. Rh3 a5 23. Rc1 f6 24. h7+ Kh8 25. Nxe6 Rfe8 26. Nf4 Kg7 27. e6 g5 28. h8=Q+
Rxh8 29. exd7 1-0